ბათუმის შოთა რუსთაველის სახელმწიფო უნივერსიტეტის ბიბლიოთეკა

Destined for war : (ბიბ.ჩანაწერი № 57804)

000 -LEADER
fixed length control field 01191cam a22003011i 4500
001 - CONTROL NUMBER
control field 19619505
005 - DATE AND TIME OF LATEST TRANSACTION
control field 20221107105429.0
008 - FIXED-LENGTH DATA ELEMENTS--GENERAL INFORMATION
fixed length control field 170502s2020 mau 000 0 eng
020 ## - INTERNATIONAL STANDARD BOOK NUMBER
International Standard Book Number 9781911617303x
041 ## - LANGUAGE CODE
Language code of text/sound track or separate title eng
080 ## - UNIVERSAL DECIMAL CLASSIFICATION NUMBER
Universal Decimal Classification number 327(73:510)+94 A-30
100 1# - MAIN ENTRY--PERSONAL NAME
Personal name Allison, Graham T.,
Relator term author.
9 (RLIN) 9874
245 10 - TITLE STATEMENT
Title Destined for war :
Remainder of title can America and China escape Thucydides's trap? /
Statement of responsibility, etc. Graham Allison.
264 #1 - PRODUCTION, PUBLICATION, DISTRIBUTION, MANUFACTURE, AND COPYRIGHT NOTICE
Place of production, publication, distribution, manufacture Melbourne :
Name of producer, publisher, distributor, manufacturer Scribe,
Date of production, publication, distribution, manufacture, or copyright notice 2020.
300 ## - PHYSICAL DESCRIPTION
Extent 364 pages ;
Dimensions 24 cm.
600 10 - SUBJECT ADDED ENTRY--PERSONAL NAME
Personal name Thucydides.
Title of a work History of the Peloponnesian War.
9 (RLIN) 9875
650 #0 - SUBJECT ADDED ENTRY--TOPICAL TERM
Topical term or geographic name entry element War
General subdivision Causes.
9 (RLIN) 9876
650 #7 - SUBJECT ADDED ENTRY--TOPICAL TERM
Topical term or geographic name entry element POLITICAL SCIENCE / History & Theory.
Source of heading or term bisacsh
9 (RLIN) 9877
650 #7 - SUBJECT ADDED ENTRY--TOPICAL TERM
Topical term or geographic name entry element HISTORY / Military / General.
Source of heading or term bisacsh
9 (RLIN) 9878
650 #7 - SUBJECT ADDED ENTRY--TOPICAL TERM
Topical term or geographic name entry element POLITICAL SCIENCE / International Relations / General.
Source of heading or term bisacsh
9 (RLIN) 9879
650 #7 - SUBJECT ADDED ENTRY--TOPICAL TERM
Topical term or geographic name entry element HISTORY / Asia / China.
Source of heading or term bisacsh
9 (RLIN) 9880
651 #0 - SUBJECT ADDED ENTRY--GEOGRAPHIC NAME
Geographic name United States
General subdivision Foreign relations
Geographic subdivision China.
9 (RLIN) 9881
651 #0 - SUBJECT ADDED ENTRY--GEOGRAPHIC NAME
Geographic name China
General subdivision Foreign relations
Geographic subdivision China.
9 (RLIN) 9882
653 ## - INDEX TERM--UNCONTROLLED
keyword პელოპონესის ომის ისტორია
653 ## - INDEX TERM--UNCONTROLLED
keyword საგარეო ურთიერთობები
653 ## - INDEX TERM--UNCONTROLLED
keyword ჩინეთი
942 ## - ADDED ENTRY ELEMENTS (KOHA)
Source of classification or shelving scheme
Koha item type წიგნი
ეგზემპლარები
Withdrawn status Lost status Source of classification or shelving scheme Damaged status Not for loan Permanent Location Current Location Shelving location Date acquired Cost, normal purchase price Full call number Barcode Date last seen Copy number Price effective from Koha item type Public note
          ბათუმის შოთა რუსთაველის სახელმწიფო უნივერსიტეტის მთავარი ბიბლიოთეკა ბათუმის შოთა რუსთაველის სახელმწიფო უნივერსიტეტის მთავარი ბიბლიოთეკა წიგნსაცავი 2020-12-09 42.31 327(73:510)+94 A-30 61153 2020-12-09 61153 2020-12-09 წიგნი 42 ლ. 31 თ.